000 00770nas a2200229 4500
001 BR8707217
003 BR-BrBNA
005 20231205090912.0
007 ta
008 230509b bl.|||p| |||| 00| 00por d
040 _aBR-BrBNA
_bpor
_cBiblioteca Nacional de Agricultura
041 _a(Pt)
072 _aH20
100 1 _aCardoso, C.O.N.
245 1 _aIsolamento da bacteria do raquitismo (Clavibacter xyli subisp. xyli)no Brasil [Saccharum spp]
246 1 _aIsolation of RSD bacteria (Clavibacter xyli subisp. xyli)in Brazil
650 _aCANA DE ACUCAR
650 _aRAQUITISMO
773 0 _tBoletim Tecnico COPERSUCAR (Brazil)
_xISSN 0100-2996
_g(Mar 1986), (no. 34) p. 48-52
_wBR8707217
909 _a202311
_bLúcia
_c55
_dLúcia Elande
942 _2AGRIS
_n0
_cANA
999 _c121538
_d121538